Internal combustion engines and air pollution (Record no. 4453)

000 -LEADER
fixed length control field 00551nam a22001937a 4500
001 - CONTROL NUMBER
control field 4453
003 - CONTROL NUMBER IDENTIFIER
control field BD-DhUET
008 - FIXED-LENGTH DATA ELEMENTS--GENERAL INFORMATION
fixed length control field 141116b xxu||||| |||| 00| 0 eng d
020 ## - INTERNATIONAL STANDARD BOOK NUMBER
International Standard Book Number 0352045600
040 ## - CATALOGING SOURCE
Transcribing agency 0
Modifying agency BD-DhUET
082 ## - DEWEY DECIMAL CLASSIFICATION NUMBER
Classification number 621.43
Item number OBE/1973
100 ## - MAIN ENTRY--PERSONAL NAME
Personal name Obert, Edward F.
245 ## - TITLE STATEMENT
Title Internal combustion engines and air pollution
Remainder of title based on internal combustion engines
250 ## - EDITION STATEMENT
Edition statement 3rd ed.
260 ## - PUBLICATION, DISTRIBUTION, ETC. (IMPRINT)
Place of publication, distribution, etc. New York
Name of publisher, distributor, etc. Intext Educational Publishers
Date of publication, distribution, etc. 1973
300 ## - PHYSICAL DESCRIPTION
Extent xiii, 740 p.
Other physical details ill.
650 #0 - SUBJECT ADDED ENTRY--TOPICAL TERM
Topical term or geographic name as entry element Internal combustion engines
942 ## - ADDED ENTRY ELEMENTS (KOHA)
Koha item type General Book
Holdings
Lost status Withdrawn status Koha full call number Not for loan Shelving location Location (home branch) Price effective from Sublocation or collection (holding branch) Koha normalized classification for sorting Koha date last borrowed Source of classification or shelving scheme Date acquired Damaged status Koha item type Koha issues (times borrowed) Koha date last seen Copy number Piece designation (barcode)
  621.43/OBE/1973 Circulation sectionCentral Library, BUET2014-11-16Central Library, BUET621_000000000000000_43OBE19732014-11-16 2014-11-16 General Book12015-10-12 42113
  621.43/OBE/1973 Circulation sectionCentral Library, BUET2015-04-13Central Library, BUET621_430000000000000_OBE_19732018-02-03 2015-04-13 General Book32018-02-17242111
  621.43/OBE/1973 Reading sectionCentral Library, BUET2015-06-16Central Library, BUET621_430000000000000_OBE_1973  2015-06-16 Reading Item 2015-06-16342105
  621.43/OBE/1973 Reading sectionCentral Library, BUET2015-06-30Central Library, BUET621_430000000000000_OBE_1973  2015-06-30 Reading Item 2015-06-30448959
  621.43/OBE/1973 Reading sectionCentral Library, BUET2015-07-02Central Library, BUET621_430000000000000_OBE_1973  2015-07-02 Reading Item 2015-07-02542108
  621.43/OBE/1973 Reading sectionCentral Library, BUET2015-07-04Central Library, BUET621_430000000000000_OBE_1973  2015-07-04 Reading Item 2015-07-04648939